Modernizar España : proyectos de reforma y apertura internacional (1898-1914) /
Salvato in:
| Altri autori: | , |
|---|---|
| Natura: | Elettronico eBook |
| Lingua: | spagnolo |
| Pubblicazione: |
Madrid :
Biblioteca Nueva,
2007.
|
| Serie: | Colección Historia (Biblioteca Nueva (Firm)).
|
| Soggetti: | |
| Accesso online: | Digitalia Hispánica |
| Tags: |
Aggiungi Tag
Nessun Tag, puoi essere il primo ad aggiungerne!!
|
MARC
| LEADER | 00000nam a2200000Ii 4500 | ||
|---|---|---|---|
| 001 | DIGBN02674 | ||
| 003 | NyNyDIG | ||
| 006 | m o d | ||
| 007 | cr ||||||||||| | ||
| 008 | 100625s2007 sp ob 001 0 spa d | ||
| 020 | |z 8497427513 | ||
| 020 | |z 9788497427517 | ||
| 035 | |a (OCoLC)654103849 | ||
| 040 | |a DGITA |b eng |e pn |c DGITA | ||
| 043 | |a e-sp--- | ||
| 050 | 0 | 4 | |a DP203 eBook |
| 245 | 0 | 0 | |a Modernizar España : |b proyectos de reforma y apertura internacional (1898-1914) / |c Guadalupe Gómez-Ferrer, Raquel Sánchez, eds. |
| 264 | 1 | |a Madrid : |b Biblioteca Nueva, |c 2007. | |
| 300 | |a 1 online resource (288 pages) | ||
| 336 | |a text |b txt |2 rdacontent | ||
| 337 | |a computer |b c |2 rdamedia | ||
| 338 | |a online resource |b cr |2 rdacarrier | ||
| 490 | 1 | |a Colección Historia Biblioteca Nueva | |
| 504 | |a Includes bibliographical references (p. 255-274) and index. | ||
| 505 | 0 | |a El Mediterráneo, 1898-1914 / por Juan Pablo Fusi -- Las solidaridades, Nicolás Salmerón y Alonso : el combate por la democracia, la nación y el pueblo en los albores del siglo XX / por Fernando Martínez López -- Los intelectuales en la política española, del primer tercio del siglo XX / por Octavio Ruiz-Manjón -- Tradición y modernidad en la España urbana de la restauración / por Luis Enrique Otero -- Nuevas formas y espacios de sociabilidad al filo del siglo XX / por Elena Maza -- España, Marruecos y las grandes potencias, 1898-1914 / por Sebastian Balfour -- De ultramar a la frontera meridional : iniciativas en busca de una garantía internacional para España, 1898-1907 / por Rosario de la Torre -- La difícil entrada de los intelectuales europeos en la modernidad a partir de 1905 / por Christophe Charle -- El protagonismo de los intelectuales en los proyectos de reforma educativa y modernización cultural / por Antonio Niño -- Maeztu y Ortega : dos intelectuales ante la crisis de la restauración / por Pedro Carlos González Cuevas. | |
| 651 | 0 | |a Spain |x History |y 19th century. | |
| 651 | 0 | |a Spain |x History |y 20th century. | |
| 655 | 0 | |a Electronic books. | |
| 700 | 1 | |a Gómez-Ferrer, Guadalupe | |
| 700 | 1 | |a Sánchez, Raquel. | |
| 791 | 2 | |a Digitalia (Firm), |e distributor. | |
| 830 | 0 | |a Colección Historia (Biblioteca Nueva (Firm)). | |
| 793 | 0 | |g Digitalia eBook Collection: |a Biblioteca Nueva | |
| 856 | 4 | 0 | |3 Digitalia Hispánica |u https://digitalia.unach.elogim.com/a/48/ |
| 910 | |a Premium Collection: 2007-2012 | ||